| 000 | 00411nam a2200181Ia 4500 | ||
|---|---|---|---|
| 005 | 20250603145317.0 | ||
| 008 | 250603s9999 xx 000 0 und d | ||
| 020 | _a978-0-324-56955-1 | ||
| 050 | _aHA 40 .E3 K45/ | ||
| 100 | _aKeller, Gerald | ||
| 245 | 0 | _aManagerial statistics | |
| 260 | _aMiddlan | ||
| 260 | _bSouth-Western | ||
| 260 | _c2008 | ||
| 300 | _a899 p | ||
| 650 | _aMiddlan | ||
| 942 | _cBK | ||
| 999 |
_c41487 _d41487 |
||